000 01046nam a2200289 i 4500
003 DO-SdBNP
005 20250425151718.0
007 ta
008 250425b2014 pr ac||| |||| 00| 0 spa d
020 _a9781500165949
040 _aDO-SdBNP
_bspa
_cBNPHU
_erda
082 4 _axxx
_bxxx
_222
100 _aMéndez Jiminián, Jesús,
_d1960-
_97346
_eautor
_4aut.
245 1 0 _aLincoln y Santo Domingo /
_cJesús Méndez Jiminían ; prólogo y editor, Pablo L. Crespo Vargas
250 _aPrimera edición
264 4 _aLajas, Puerto Rico :
_bEditorial Akelarre,
_c©2014.
300 _a131 páginas :
_bilustraciones y retratos ;
_c28 cm.
336 _atexto
_btxt
_2rdacontent
337 _asin mediación
_bn
_2rdamedia
338 _avolumen
_bnc
_2rdacarrier
500 _aIncluye referencias bibliográficas y notas al pie de las páginas
504 _aBibliografía : páginas 129-131
590 _aInventariado, 20245
700 1 _aCrespo Vargas, Pablo L. y editor,
_eprologuista
_986450
_4pr. y ed.
910 _aBtavárez
942 _2ddc
_cLBS1
999 _c58818
_d58818